Luật giao thông đường bộ biển báo và các văn bản hướng dẫn thi hành
Gespeichert in:
| Format: | Buch |
|---|---|
| Sprache: | Undetermined |
| Veröffentlicht: |
H.
GTVT
2002
|
| Schlagworte: | |
| Tags: |
Tag hinzufügen
Keine Tags, Fügen Sie den ersten Tag hinzu!
|
| Thư viện lưu trữ: | Trung tâm Học liệu Trường Đại học Cần Thơ |
|---|
| LEADER | 00525nam a2200169Ia 4500 | ||
|---|---|---|---|
| 001 | CTU_54269 | ||
| 008 | 210402s9999 xx 000 0 und d | ||
| 020 | |b 45000 | ||
| 082 | |a 343.597093 | ||
| 082 | |b L504 | ||
| 245 | 0 | |a Luật giao thông đường bộ biển báo và các văn bản hướng dẫn thi hành | |
| 260 | |a H. | ||
| 260 | |b GTVT | ||
| 260 | |c 2002 | ||
| 650 | |a traffic regulations,traffic safety | ||
| 650 | |z vietnam,vietnam | ||
| 980 | |a Trung tâm Học liệu Trường Đại học Cần Thơ | ||